Los numeros índices de Guatemala como indicadores de su desarrollo /
Importancia de los numeros índices como una de las variables de la planificación económica guatemalteca. Señala que en Guatemala los numeros índices carecen de representatividad debido a su antiguedad y a la escasa cantidad de productos. Plantea su importancia como indicadores económicos, la necesid...
Gorde:
| Egile nagusia: | |
|---|---|
| Formatua: | Tesis |
| Argitaratua: |
Guatemala:
Universidad de San Carlos de Guatemala
|
| Gaiak: | |
| Etiketak: |
Etiketa erantsi
Etiketarik gabe, Izan zaitez lehena erregistro honi etiketa jartzen!
|
MARC
| LEADER | 00000 a a2200000 04500 | ||
|---|---|---|---|
| 001 | 21486 | ||
| 003 | |||
| 040 | |||
| 090 | |a 09610.00 | ||
| 100 | |a Ballesteros Díaz, Estanislao | ||
| 245 | |a Los numeros índices de Guatemala como indicadores de su desarrollo / |c Estanislao Ballesteros Díaz | ||
| 260 | |a Guatemala: |b Universidad de San Carlos de Guatemala | ||
| 300 | |a 106 páginas | ||
| 502 | |a Tesis (Licenciado en Economía) -- Universidad de San Carlos de Guatemala. Facultad de Ciencias Económicas | ||
| 520 | |a Importancia de los numeros índices como una de las variables de la planificación económica guatemalteca. Señala que en Guatemala los numeros índices carecen de representatividad debido a su antiguedad y a la escasa cantidad de productos. Plantea su importancia como indicadores económicos, la necesidad de actualización, los métodos de reestructuración y la revisión de los sistemas de recolección de datos./ACM | ||
| 650 | |a GUATEMALA | ||
| 650 | |a NUMEROS INDICE | ||
| 650 | |a INDICADORES ECONOMICOS | ||
| 999 | |c 18140 |d 18140 | ||
